| 000 | 01554 a2200253 4500 | ||
|---|---|---|---|
| 003 | Nust | ||
| 005 | 20230905092427.0 | ||
| 010 | _a 2004051229 | ||
| 020 | _c0387229787 (alk. paper) | ||
| 040 | _cNust | ||
| 082 | 0 | 0 | _a629.277,DSP |
| 245 | 0 | 0 |
_aDSP for in-vehicle and mobile systems / _cedited by H赳eyin Abut, John H.L. Hansen, Kazuya Takeda. |
| 260 |
_aNew York : _bSpringer _cc2005. |
||
| 300 |
_axv, 313 p. : _bill. ; _c25 cm. |
||
| 505 | _aConstruction And Analysis Of A Multilayered In Car Spoken Dialogue Corpus (Page-1), CU-Move (Page-19), A Spoken Dialog Corpus For Car Telematics Services (Page-47), Experiences Of Multi-Speaker Dialogue Sys For Vehicular Information Retrieval (Page-65), Robust Dialoge Management (Page-83), Use Of Multiple Speech Recognition Units (Page-97), Hi- Speed Error Correcting Code LSI (Page-113), MCMAC (Page-123), Noise Robust Speech Recognition (Page-139), Speech Enhancement (Page-169), Real Time Transmission (Page-193), DWT Image Compression For Mobile Comm. (Page-209), Joint Audio Video Processing (Page-237), Is Our Driving Behavior Unique (Page-257). | ||
| 650 | 0 |
_aAutomotive telematics. _999292 |
|
| 650 | 0 |
_aSignal processing _xDigital techniques. _955548 |
|
| 700 | 1 |
_aAbut, H赳eyin, _d1945- _999293 |
|
| 700 | 1 |
_aHansen, John H. L. _999294 |
|
| 700 | 1 |
_aTakeda, Kazuya, _d1960- _999295 |
|
| 856 | 4 | 1 |
_3Publisher description _uhttp://www.loc.gov/catdir/enhancements/fy0663/2004051229-d.html |
| 856 | 4 | 1 |
_3Table of contents _uhttp://www.loc.gov/catdir/toc/fy053/2004051229.html |
| 942 |
_cREF _2ddc |
||
| 999 |
_c175932 _d175932 |
||